[Event "Berlin-ch Seniors op 39th"]
[Site "Berlin"]
[Date "2023.01.29"]
[Round "6"]
[White "Pueschel, Werner"]
[Black "Kohlmeyer, Dagobert"]
[Result "1-0"]
[WhiteElo "2062"]
[BlackElo "1837"]
[PlyCount "119"]
[EventDate "2023.01.24"]
[EventType "swiss"]
[EventRounds "9"]
[EventCountry "GER"]
[SourceTitle "CBM 212 Extra"]
[Source "ChessBase"]
[SourceDate "2023.03.31"]
[SourceVersion "1"]
[SourceVersionDate "2023.03.31"]
[SourceQuality "1"]

1. b3 e5 2. Bb2 d6 3. g3 Nf6 4. Bg2 Be7 5. c4 0-0 6. Nc3 c6 7. Nf3 h6 8. Qc2 Be6 9. 0-0 Qd7 10. Rfe1 Bh3 11. Bh1 Bf5 12. d3 a5 13. Rad1 Na6 14. e4 Bh7 15. Na4 Qc7 16. c5 Rad8 17. a3 Rfe8 18. Bc3 Nxc5 19. Nxc5 dxc5 20. Bxe5 Qc8 21. Bxf6 Bxf6 22. Qxc5 Qc7 23. a4 Be7 24. Qc4 Bb4 25. Rf1 Re7 26. Bg2 Kf8 27. h4 Bg8 28. Qc2 f6 29. Bh3 Qd6 30. Kg2 Rc7 31. d4 Qe7 32. Bf5 Qf7 33. Rb1 g6 34. Bh3 b5 35. h5 bxa4 36. bxa4 Qc4 37. Rfc1 Qxc2 38. Rxc2 gxh5 39. d5 c5 40. Nd4 Rb7 41. Nc6 Ra8 42. Rxc5 Rb6 43. Rc4 Rba6 44. Bf5 Bf7 45. Bd7 Bd6 46. Rb5 Bb4 47. Nxb4 axb4 48. Rbxb4 Be8 49. Bxe8 Kxe8 50. Kh3 Kf7 51. f4 R8a7 52. Kh4 f5 53. e5 Rg6 54. Rc6 Rg4+ 55. Kh3 Kg7 56. a5 Kh7 57. a6 Rgg7 58. Rb3 h4 59. Rb7 hxg3 60. Rxg7+ 1-0

[Event "Berlin-ch Seniors op 39th"]
[Site "Berlin"]
[Date "2023.01.24"]
[Round "1"]
[White "Campe, Ulrich"]
[Black "Pueschel, Werner"]
[Result "0-1"]
[WhiteElo "1743"]
[BlackElo "2062"]
[PlyCount "62"]
[EventDate "2023.01.24"]
[EventType "swiss"]
[EventRounds "9"]
[EventCountry "GER"]
[SourceTitle "CBM 212 Extra"]
[Source "ChessBase"]
[SourceDate "2023.03.31"]
[SourceVersion "1"]
[SourceVersionDate "2023.03.31"]
[SourceQuality "1"]

1. c4 Nf6 2. Nc3 g6 3. e3 Bg7 4. Nf3 d6 5. Be2 0-0 6. 0-0 c5 7. h3 a6 8. d3 Nbd7 9. Qc2 b6 10. Bd2 Bb7 11. Rab1 Qc7 12. a3 Rfc8 13. Rfc1 e6 14. Qd1 Rab8 15. Nh2 d5 16. cxd5 exd5 17. Na4 Qd6 18. b4 c4 19. dxc4 dxc4 20. Nc3 b5 21. a4 Bc6 22. axb5 axb5 23. Nf3 Ne4 24. Qe1 Rd8 25. Rb2 Ne5 26. Nxe5 Bxe5 27. Rd1 Qe7 28. Rbb1 Rxd2 29. Nxe4 Rxd1 30. Rxd1 Bxe4 31. f3 Bc6 0-1

[Event "Berlin Lichtenberger op 18th"]
[Site "Berlin"]
[Date "2019.08.24"]
[Round "8"]
[White "Wierzbicki, Jirawat"]
[Black "Pueschel, Werner"]
[Result "0-1"]
[WhiteElo "2160"]
[BlackElo "2012"]
[PlyCount "44"]
[EventDate "2019.08.17"]
[EventType "swiss"]
[EventRounds "9"]
[EventCountry "GER"]
[SourceTitle "EXT 2020"]
[Source "ChessBase"]
[SourceDate "2019.10.17"]
[SourceVersion "1"]
[SourceVersionDate "2019.10.17"]
[SourceQuality "1"]

1. e4 d5 2. exd5 Qxd5 3. Nc3 Qd6 4. d4 Nf6 5. Nf3 a6 6. Bc4 Bg4 7. Be3 Nc6 8. h3 Bh5 9. g4 Bg6 10. Bd3 e6 11. Bxg6 hxg6 12. Ng5 Be7 13. 0-0 Rd8 14. Qf3 Qb4 15. Ne2 0-0 16. c3 Qxb2 17. Rfb1 Qc2 18. Rxb7 Nd5 19. Ne4 Na5 20. Ra7 Qb2 21. Rc1 Qb6 22. c4 Nxe3 0-1

[Event "Berlin-ch Seniors op 35th"]
[Site "Berlin"]
[Date "2019.02.04"]
[Round "6"]
[White "Bluhm, Robert"]
[Black "Pueschel, Werner"]
[Result "1/2-1/2"]
[WhiteElo "1816"]
[BlackElo "2055"]
[PlyCount "63"]
[EventDate "2019.01.29"]
[EventType "swiss"]
[EventRounds "9"]
[EventCountry "GER"]
[SourceTitle "CBM 189 Extra"]
[Source "ChessBase"]
[SourceDate "2019.06.03"]
[SourceVersion "1"]
[SourceVersionDate "2019.06.03"]
[SourceQuality "1"]

1. e4 d5 2. e5 Bf5 3. d4 e6 4. Bd3 Bg6 5. h4 Ne7 6. h5 Bxd3 7. Qxd3 a6 8. h6 gxh6 9. Bxh6 Bxh6 10. Rxh6 Nf5 11. Rh2 Qg5 12. Nd2 Nc6 13. c3 0-0-0 14. Ngf3 Qg6 15. 0-0-0 Nfxd4 16. Qxg6 Ne2+ 17. Kc2 hxg6 18. Rxh8 Rxh8 19. g3 Rh3 20. Re1 Nxg3 21. fxg3 Rxg3 22. Rh1 Kd7 23. b4 g5 24. Rh5 g4 25. Ne1 Re3 26. Nd3 b6 27. Rg5 Ke7 28. a4 d4 29. c4 a5 30. b5 Nb4+ 31. Nxb4 axb4 32. Rxg4 1/2-1/2

[Event "Berlin-ch Seniors op 35th"]
[Site "Berlin"]
[Date "2019.01.31"]
[Round "3"]
[White "Pueschel, Werner"]
[Black "Kothe, Manfred"]
[Result "1-0"]
[WhiteElo "2055"]
[BlackElo "1848"]
[PlyCount "75"]
[EventDate "2019.01.29"]
[EventType "swiss"]
[EventRounds "9"]
[EventCountry "GER"]
[SourceTitle "CBM 189 Extra"]
[Source "ChessBase"]
[SourceDate "2019.06.03"]
[SourceVersion "1"]
[SourceVersionDate "2019.06.03"]
[SourceQuality "1"]

1. Nf3 Nf6 2. b3 c5 3. Bb2 e6 4. g3 Nc6 5. Bg2 Be7 6. d3 d5 7. Nbd2 0-0 8. 0-0 Qc7 9. Re1 Rd8 10. e4 d4 11. a4 e5 12. Qe2 Bg4 13. Qf1 a6 14. Bh3 Bxh3 15. Qxh3 Qd7 16. Qxd7 Nxd7 17. a5 Nb4 18. Rec1 f6 19. Nc4 Rdc8 20. Kf1 Rc6 21. Ke2 Rac8 22. Ba3 g6 23. c3 dxc3 24. Rxc3 R6c7 25. Ne3 Kf7 26. Rc4 b5 27. axb6 Nxb6 28. Rcc1 a5 29. Bxb4 axb4 30. Ra6 Nd7 31. Nd5 Rb7 32. g4 Nb8 33. Ra8 Rc6 34. Rca1 Bd6 35. Nd2 Nd7 36. Nc4 Bc7 37. R8a7 Rxa7 38. Rxa7 1-0

[Event "Berlin Lichtenrade op 14th"]
[Site "Berlin"]
[Date "2018.11.02"]
[Round "7"]
[White "Maetzkow, Maximilian Paul"]
[Black "Pueschel, Werner"]
[Result "1-0"]
[WhiteElo "2193"]
[BlackElo "2056"]
[PlyCount "65"]
[EventDate "2018.10.27"]
[EventType "swiss"]
[EventRounds "9"]
[EventCountry "GER"]
[SourceTitle "CBM 187 Extra"]
[Source "ChessBase"]
[SourceDate "2018.11.04"]
[SourceVersion "1"]
[SourceVersionDate "2018.11.04"]
[SourceQuality "1"]

1. e4 g6 2. d4 d6 3. Nc3 Bg7 4. Be3 c6 5. Qd2 b5 6. f3 a6 7. Nge2 Nd7 8. g4 Nb6 9. Ng3 Qc7 10. Be2 e6 11. 0-0-0 Bb7 12. f4 b4 13. Nb1 a5 14. f5 Ne7 15. Rhf1 exf5 16. gxf5 f6 17. Rg1 0-0-0 18. Nh5 Rdg8 19. Nf4 Kb8 20. Ne6 Qd7 21. d5 c5 22. Qe1 Bf8 23. Qh4 g5 24. Qg3 Nec8 25. Nxc5 Qe8 26. Ne6 Nd7 27. Bb5 Qe7 28. Nd2 Na7 29. Ba4 Ne5 30. Nb3 Nc4 31. Rd4 Nxe3 32. Qxe3 h5 33. Nxa5 1-0

[Event "Berlin Lichtenrade op 14th"]
[Site "Berlin"]
[Date "2018.11.01"]
[Round "6"]
[White "Pueschel, Werner"]
[Black "Haugli, Petter"]
[Result "1/2-1/2"]
[WhiteElo "2056"]
[BlackElo "2238"]
[PlyCount "118"]
[EventDate "2018.10.27"]
[EventType "swiss"]
[EventRounds "9"]
[EventCountry "GER"]
[SourceTitle "CBM 187 Extra"]
[Source "ChessBase"]
[SourceDate "2018.11.04"]
[SourceVersion "1"]
[SourceVersionDate "2018.11.04"]
[SourceQuality "1"]

1. a3 Nf6 2. Nf3 g6 3. g3 Bg7 4. Bg2 0-0 5. 0-0 d5 6. d4 c6 7. Nbd2 Bf5 8. Nh4 Be6 9. c3 a5 10. Re1 a4 11. e4 dxe4 12. Nxe4 Nxe4 13. Bxe4 Bb3 14. Qe2 Nd7 15. Bg2 e5 16. Nf3 Re8 17. Bg5 Qa5 18. h4 h6 19. Be3 exd4 20. Nxd4 Bxd4 21. cxd4 Nf6 22. Qd3 Qh5 23. Bd2 Kh7 24. Rxe8 Rxe8 25. Re1 Rxe1+ 26. Bxe1 Bd5 27. f3 Bb3 28. g4 Qd5 29. h5 Qe6 30. hxg6+ fxg6 31. Bd2 Kg7 32. g5 hxg5 33. Bxg5 Bd5 34. Qe3 Qxe3+ 35. Bxe3 Nh5 36. Kf2 Kf6 37. Bh3 Be6 38. Bf1 Ke7 39. Bd3 Bf5 40. Bc4 Be6 41. Bd3 Bf5 42. Bc4 Bb1 43. Bg5+ Kd6 44. Bh6 b5 45. Bf8+ Kd7 46. Bf7 Bf5 47. Ba2 Nf4 48. b4 Nd3+ 49. Kg3 Nc1 50. Bf7 Ne2+ 51. Kf2 Nxd4 52. Bg7 Ne6 53. Be5 Bb1 54. Ke3 Nd8 55. Bg8 Ke7 56. Bc7 Ne6 57. Bxe6 Kxe6 58. Kd4 Ba2 59. f4 Kf5 1/2-1/2

[Event "Berlin Lichtenberger op 17th"]
[Site "Berlin"]
[Date "2018.08.24"]
[Round "7"]
[White "Pueschel, Werner"]
[Black "Florstedt, Johannes"]
[Result "0-1"]
[WhiteElo "2034"]
[BlackElo "2306"]
[PlyCount "38"]
[EventDate "2018.08.18"]
[EventType "swiss"]
[EventRounds "9"]
[EventCountry "GER"]
[SourceTitle "CBM 186 Extra"]
[Source "ChessBase"]
[SourceDate "2018.08.24"]
[SourceVersion "1"]
[SourceVersionDate "2018.08.24"]
[SourceQuality "1"]

1. c4 e5 2. e3 Nf6 3. a3 c6 4. b3 d5 5. Bb2 Bd6 6. Nf3 Qe7 7. Be2 0-0 8. Nc3 Re8 9. cxd5 e4 10. Nd4 cxd5 11. h3 Nc6 12. Nxc6 bxc6 13. b4 a5 14. b5 c5 15. a4 Qe5 16. Qc1 Qg5 17. Bf1 d4 18. Ne2 Nd5 19. exd4 Nb4 0-1

[Event "Berlin Lichtenberger op 17th"]
[Site "Berlin"]
[Date "2018.08.22"]
[Round "5"]
[White "Hamann, Carsten"]
[Black "Pueschel, Werner"]
[Result "1-0"]
[WhiteElo "2141"]
[BlackElo "2034"]
[PlyCount "59"]
[EventDate "2018.08.18"]
[EventType "swiss"]
[EventRounds "9"]
[EventCountry "GER"]
[SourceTitle "CBM 186 Extra"]
[Source "ChessBase"]
[SourceDate "2018.08.24"]
[SourceVersion "1"]
[SourceVersionDate "2018.08.24"]
[SourceQuality "1"]

1. e4 d5 2. exd5 Qxd5 3. Nc3 Qd6 4. d4 Nf6 5. Bg5 a6 6. Qd2 Bf5 7. Nf3 e6 8. a3 Nc6 9. Be2 Be7 10. 0-0 h6 11. Bf4 Qd8 12. Rad1 g5 13. Bg3 Nh5 14. d5 Nxg3 15. fxg3 Bc5+ 16. Kh1 Ne7 17. Ne5 Bd6 18. Qe3 0-0 19. Bh5 Bxe5 20. dxe6 Bd6 21. exf7+ Kh7 22. Ne4 Qc8 23. Nxd6 cxd6 24. Qxe7 Qxc2 25. Rxd6 Be4 26. Bf3 Bxf3 27. gxf3 Qxb2 28. Qe4+ Kh8 29. Rxh6+ Kg7 30. Qg6# 1-0

[Event "Berlin Lichtenberger op 17th"]
[Site "Berlin"]
[Date "2018.08.19"]
[Round "2"]
[White "Ziems, Michael"]
[Black "Pueschel, Werner"]
[Result "0-1"]
[WhiteElo "1813"]
[BlackElo "2034"]
[PlyCount "100"]
[EventDate "2018.08.18"]
[EventType "swiss"]
[EventRounds "9"]
[EventCountry "GER"]
[SourceTitle "CBM 186 Extra"]
[Source "ChessBase"]
[SourceDate "2018.08.24"]
[SourceVersion "1"]
[SourceVersionDate "2018.08.24"]
[SourceQuality "1"]

1. d4 Nf6 2. c4 c5 3. dxc5 Na6 4. Nc3 Nxc5 5. Nf3 g6 6. e3 Bg7 7. Be2 0-0 8. 0-0 d6 9. Nd4 a6 10. b4 Ne6 11. Bb2 Qb6 12. a3 Bd7 13. Rc1 Rfc8 14. Qb3 Qd8 15. Rfd1 Qe8 16. a4 a5 17. Nxe6 Bxe6 18. b5 Nd7 19. Ne4 Bf5 20. Bxg7 Kxg7 21. Qb2+ Kg8 22. Nc3 Be6 23. Nd5 Bxd5 24. cxd5 Rxc1 25. Rxc1 Rc8 26. Bg4 Rxc1+ 27. Qxc1 Nc5 28. Qc3 b6 29. Qc4 Qf8 30. Bd1 Qg7 31. Qd4 f5 32. f3 Kf7 33. Kf2 Nd7 34. Bc2 Qxd4 35. exd4 Nf6 36. Bb3 f4 37. g3 fxg3+ 38. hxg3 Nh5 39. f4 Kf6 40. Kf3 g5 41. f5 Ng7 42. g4 h5 43. Bc2 Ne8 44. gxh5 Kg7 45. Kg4 Kh6 46. f6 Nxf6+ 47. Kf5 Nxd5 48. Ke6 Nc3 49. Kxe7 g4 50. Kxd6 g3 0-1

[Event "Berlin Lichtenberger op 16th"]
[Site "Berlin"]
[Date "2017.08.21"]
[Round "3"]
[White "Doering, Martin"]
[Black "Pueschel, Werner"]
[Result "0-1"]
[WhiteElo "1758"]
[BlackElo "1998"]
[PlyCount "166"]
[EventDate "2017.08.19"]
[EventType "swiss"]
[EventRounds "9"]
[EventCountry "GER"]
[SourceTitle "CBM 180 Extra"]
[Source "ChessBase"]
[SourceDate "2017.10.06"]
[SourceVersion "1"]
[SourceVersionDate "2017.10.06"]
[SourceQuality "1"]

1. e4 c5 2. c3 Nf6 3. f3 e6 4. Qc2 a6 5. d4 Nc6 6. Be3 cxd4 7. cxd4 Qb6 8. Qf2 Qa5+ 9. Nc3 Bb4 10. Nge2 d5 11. e5 Nd7 12. f4 Nb6 13. Qg3 g6 14. Kf2 Nc4 15. Bc1 Qd8 16. a3 Be7 17. h4 h5 18. b3 N4a5 19. Rb1 b5 20. Nd1 Bd7 21. Ne3 Qb6 22. Nc2 Rc8 23. Qd3 Bd8 24. Ng1 Ne7 25. Nf3 Nf5 26. Bb2 Qa7 27. g3 Bb6 28. Rd1 Nc6 29. Be2 Kf8 30. Rhg1 a5 31. Kg2 Nce7 32. Kh2 a4 33. Rd2 Kg7 34. Kh3 Rc7 35. Rg2 Rhc8 36. Ne3 axb3 37. Qxb3 Qa4 38. Qxa4 bxa4 39. Nxf5+ Nxf5 40. Ba6 Ra8 41. Bd3 Ne3 42. Rge2 Ng4 43. Nh2 Ba5 44. Rc2 Rxc2 45. Rxc2 Ne3 46. Rc1 Rb8 47. Bc3 Bxc3 48. Rxc3 Rb3 49. Rxb3 axb3 50. Nf3 Nc2 51. Nd2 Nxd4 52. g4 hxg4+ 53. Kxg4 Ba4 54. h5 gxh5+ 55. Kxh5 Nc2 56. Nb1 Ne1 57. Be2 b2 58. Kg4 Bc2 59. Nd2 b1Q 60. Nxb1 Bxb1 61. Kg3 Nc2 62. a4 Nd4 63. Bf1 Nc6 64. Kf3 Ba2 65. Ke3 Bc4 66. Bh3 Kg6 67. Kf3 Bb3 68. Bf1 Bxa4 69. Bd3+ f5 70. Ba6 Bb5 71. Bc8 Kf7 72. Ke3 Ke7 73. Kd2 Na7 74. Bb7 Kd7 75. Ke3 Kc7 76. Bxd5 exd5 77. Kd4 Bc4 78. Kc5 Kd7 79. Kd4 Ke6 80. Kc3 Nc6 81. Kd2 d4 82. Kc2 Kd5 83. Kd2 Ke4 0-1

[Event "Berlin Werner Ott op"]
[Site "Berlin"]
[Date "2017.07.22"]
[Round "8"]
[White "Pueschel, Werner"]
[Black "Federau, Juergen"]
[Result "0-1"]
[WhiteElo "2012"]
[BlackElo "2103"]
[PlyCount "84"]
[EventDate "2017.07.15"]
[EventType "swiss"]
[EventRounds "9"]
[EventCountry "GER"]
[SourceTitle "EXT 2019"]
[Source "ChessBase"]
[SourceDate "2018.10.10"]
[SourceVersion "1"]
[SourceVersionDate "2018.10.10"]
[SourceQuality "1"]

1. c4 Nf6 2. d4 e6 3. a3 d5 4. e3 Be7 5. Nf3 0-0 6. b3 b6 7. Be2 Bb7 8. 0-0 Nbd7 9. Bb2 c5 10. Nbd2 Rc8 11. Rc1 Ne4 12. Nxe4 dxe4 13. Ne1 Qc7 14. Qc2 Bd6 15. g3 f5 16. f4 exf3 17. Bxf3 Nf6 18. d5 exd5 19. Bxf6 Rxf6 20. cxd5 Re8 21. Ng2 Qf7 22. Rcd1 g5 23. Qe2 g4 24. Bxg4 fxg4 25. Qxg4+ Qg7 26. Qa4 Rxf1+ 27. Rxf1 Rf8 28. Qxa7 Rxf1+ 29. Kxf1 Bxd5 30. Qxb6 Qa1+ 31. Ne1 Qf6+ 32. Kg1 Qe6 33. Qd8+ Kf7 34. Qg5 h6 35. Qh5+ Kg7 36. Qe2 Bxb3 37. Qb2+ Kg8 38. e4 Be5 39. Qb1 Bd4+ 40. Kg2 Qc4 41. e5 Qe2+ 42. Kh3 Be6+ 0-1

[Event "Berlin Werner Ott op"]
[Site "Berlin"]
[Date "2017.07.21"]
[Round "7"]
[White "Polatel, Ali"]
[Black "Pueschel, Werner"]
[Result "1-0"]
[WhiteElo "2211"]
[BlackElo "2012"]
[PlyCount "55"]
[EventDate "2017.07.15"]
[EventType "swiss"]
[EventRounds "9"]
[EventCountry "GER"]
[SourceTitle "EXT 2019"]
[Source "ChessBase"]
[SourceDate "2018.10.10"]
[SourceVersion "1"]
[SourceVersionDate "2018.10.10"]
[SourceQuality "1"]

1. c4 b6 2. Nc3 Bb7 3. e4 d6 4. d4 g6 5. Be3 Bg7 6. Qd2 Nd7 7. g4 h6 8. h4 e6 9. 0-0-0 Ne7 10. f4 Nf6 11. Qg2 h5 12. gxh5 Nxh5 13. Nf3 Qd7 14. d5 0-0-0 15. Ng5 Rdf8 16. Qf2 e5 17. Bh3 f5 18. Ne6 exf4 19. Bd4 Bxd4 20. Qxd4 Rfg8 21. Rhe1 a6 22. Kb1 Kb8 23. a4 Bc8 24. a5 Ka7 25. e5 dxe5 26. Rxe5 Qd6 27. Nxc7 Qxc7 28. axb6+ 1-0

[Event "Berlin Werner Ott op"]
[Site "Berlin"]
[Date "2017.07.19"]
[Round "5"]
[White "Schneider, Eckehard"]
[Black "Pueschel, Werner"]
[Result "0-1"]
[WhiteElo "1787"]
[BlackElo "2012"]
[PlyCount "67"]
[EventDate "2017.07.15"]
[EventType "swiss"]
[EventRounds "9"]
[EventCountry "GER"]
[SourceTitle "EXT 2019"]
[Source "ChessBase"]
[SourceDate "2018.10.10"]
[SourceVersion "1"]
[SourceVersionDate "2018.10.10"]
[SourceQuality "1"]

1. e4 d5 2. exd5 Qxd5 3. Nc3 Qd6 4. d4 Nf6 5. Nf3 a6 6. h3 Bf5 7. Bd3 Bxd3 8. Qxd3 Nc6 9. Be3 Nb4 10. Qd2 Nbd5 11. 0-0 Nxc3 12. Qxc3 Nd5 13. Qd2 e6 14. Ne5 Be7 15. c4 Nxe3 16. Qxe3 Rd8 17. Rad1 Bf6 18. Rfe1 0-0 19. Qe4 c6 20. b3 Bxe5 21. Qxe5 Rd7 22. Rd3 Qxe5 23. Rxe5 Rfd8 24. Re4 Kf8 25. Kf1 c5 26. f4 Rxd4 27. Rexd4 Rxd4 28. Rxd4 cxd4 29. Ke2 f6 30. Kd3 e5 31. fxe5 fxe5 32. b4 Ke7 33. a4 a5 34. bxa5 0-1

[Event "Berlin-ch QT"]
[Site "Berlin"]
[Date "2017.04.12"]
[Round "4"]
[White "Roho, Kevin"]
[Black "Pueschel, Werner"]
[Result "1/2-1/2"]
[WhiteElo "1792"]
[BlackElo "2016"]
[PlyCount "113"]
[EventDate "2017.04.09"]
[EventType "swiss"]
[EventRounds "9"]
[EventCountry "GER"]
[SourceTitle "CBM 189 Extra"]
[Source "ChessBase"]
[SourceDate "2019.06.03"]
[SourceVersion "1"]
[SourceVersionDate "2019.06.03"]
[SourceQuality "1"]

1. e4 d5 2. exd5 Qxd5 3. Nc3 Qd8 4. d4 e6 5. Nf3 Nf6 6. Bc4 c6 7. 0-0 Nbd7 8. Bf4 Be7 9. Ne5 0-0 10. Re1 Nd5 11. Nxd5 cxd5 12. Nxd7 Bxd7 13. Bb3 a5 14. c3 b5 15. Bc2 g6 16. Be5 b4 17. Qd2 f6 18. Bg3 Rc8 19. h4 bxc3 20. bxc3 f5 21. h5 Bg5 22. Qd3 gxh5 23. Be5 Bf6 24. Bf4 Kh8 25. Bd1 h4 26. Rc1 Qb6 27. Be2 Rc6 28. Rc2 Rfc8 29. Rec1 Bxd4 30. cxd4 Rxc2 31. Rxc2 Qb1+ 32. Bd1 Rc4 33. Qd2 Ba4 34. Rc1 Rxc1 35. Qxc1 Qxc1 36. Bxc1 Bxd1 37. Bg5 h3 38. gxh3 a4 39. a3 Kg7 40. f4 Kg6 41. Kf2 Bc2 42. Ke3 Be4 43. Bd8 Bg2 44. h4 Kh5 45. Be7 Kg4 46. Bf6 Be4 47. Bg5 Bc2 48. Be7 Kg3 49. Bf6 Bb3 50. h5 Kg4 51. h6 Kh5 52. Bg7 Kg4 53. Be5 Bc4 54. Bf6 Kg3 55. Be5 Kg2 56. Bd6 Kf1 57. Be5 1/2-1/2

[Event "Berlin-ch QT"]
[Site "Berlin"]
[Date "2017.04.09"]
[Round "1"]
[White "Pueschel, Werner"]
[Black "Born, Jonathan"]
[Result "1/2-1/2"]
[WhiteElo "2016"]
[BlackElo "1658"]
[PlyCount "129"]
[EventDate "2017.04.09"]
[EventType "swiss"]
[EventRounds "9"]
[EventCountry "GER"]
[SourceTitle "CBM 189 Extra"]
[Source "ChessBase"]
[SourceDate "2019.06.03"]
[SourceVersion "1"]
[SourceVersionDate "2019.06.03"]
[SourceQuality "1"]

1. g3 Nf6 2. Bg2 g6 3. d3 Bg7 4. Nd2 d5 5. c3 c6 6. Qc2 0-0 7. Ngf3 Nbd7 8. e4 dxe4 9. dxe4 Qc7 10. 0-0 Rd8 11. Nc4 b5 12. Bf4 Qb7 13. Na5 Qb6 14. b4 Bb7 15. Rad1 Rac8 16. Be3 c5 17. Ng5 Ba8 18. e5 Bxg2 19. exf6 exf6 20. Kxg2 fxg5 21. Bxg5 Nf6 22. Be3 Nd5 23. Rxd5 Rxd5 24. Qe4 Qe6 25. Qxe6 fxe6 26. Bxc5 Bxc3 27. Nb7 Rc7 28. Nd6 a6 29. Ne4 Bd4 30. Re1 Bxc5 31. Nxc5 Rd6 32. h4 Kf7 33. a3 a5 34. Re3 axb4 35. axb4 Rcc6 36. Kf3 Rd4 37. Nd3 Kf6 38. g4 Rc3 39. g5+ Ke7 40. Ke2 Rxh4 41. Kd2 Rcc4 42. Re5 Rxb4 43. Nxb4 Rxb4 44. Ke3 Kd6 45. f4 Rb1 46. Kf2 b4 47. Rb5 b3 48. Kg2 Kc6 49. Re5 Rd1 50. Rxe6+ Rd6 51. Re3 b2 52. Rc3+ Kd5 53. Rb3 Ke4 54. Rxb2 Kxf4 55. Rb7 Kxg5 56. Rxh7 Rd8 57. Ra7 Rg8 58. Ra5+ Kf4 59. Ra4+ Kf5 60. Ra5+ Kg4 61. Ra4+ Kh5 62. Rb4 g5 63. Ra4 g4 64. Kg3 Rg5 65. Ra8 1/2-1/2

[Event "Berlin Lichtenrade op 12th"]
[Site "Berlin"]
[Date "2016.10.27"]
[Round "6"]
[White "Gabuzyan, Hovhannes"]
[Black "Pueschel, Werner"]
[Result "1-0"]
[WhiteElo "2592"]
[BlackElo "2013"]
[PlyCount "35"]
[EventDate "2016.10.22"]
[EventType "swiss"]
[EventRounds "9"]
[EventCountry "GER"]
[SourceTitle "EXT 2018"]
[Source "ChessBase"]
[SourceDate "2017.10.13"]
[SourceVersion "1"]
[SourceVersionDate "2017.10.13"]
[SourceQuality "1"]

1. Nf3 b6 2. g3 Bb7 3. Bg2 e6 4. 0-0 Be7 5. c4 h5 6. d4 Bxf3 7. Bxf3 c6 8. Nc3 h4 9. d5 hxg3 10. hxg3 Nh6 11. Kg2 Nf5 12. e4 Nd6 13. Qd4 Rg8 14. e5 Nf5 15. Qe4 Bb4 16. Ne2 a5 17. Rd1 Qc7 18. Bg5 1-0

[Event "Berlin Lichtenrade op 12th"]
[Site "Berlin"]
[Date "2016.10.24"]
[Round "3"]
[White "Pueschel, Werner"]
[Black "Sippel, Roman"]
[Result "1-0"]
[WhiteElo "2013"]
[BlackElo "1849"]
[PlyCount "35"]
[EventDate "2016.10.22"]
[EventType "swiss"]
[EventRounds "9"]
[EventCountry "GER"]
[SourceTitle "EXT 2018"]
[Source "ChessBase"]
[SourceDate "2017.10.13"]
[SourceVersion "1"]
[SourceVersionDate "2017.10.13"]
[SourceQuality "1"]

1. e4 e5 2. Nf3 Nc6 3. c3 d5 4. Qa4 f6 5. Bb5 Qd6 6. exd5 Qxd5 7. Bc4 Qe4+ 8. Kf1 Qf4 9. Na3 Bxa3 10. d3 Qg4 11. Qxa3 Nge7 12. Bd2 Be6 13. h3 Qf5 14. Nh4 Qh5 15. Bxe6 Qxh4 16. Qb3 Rb8 17. Bf7+ Kf8 18. g3 1-0

[Event "Berlin Lichtenberger op 15th"]
[Site "Berlin"]
[Date "2016.08.13"]
[Round "1"]
[White "Wahner, Eberhard"]
[Black "Pueschel, Werner"]
[Result "0-1"]
[WhiteElo "1511"]
[BlackElo "2028"]
[PlyCount "102"]
[EventDate "2016.08.13"]
[EventType "swiss"]
[EventRounds "9"]
[EventCountry "GER"]
[SourceTitle "CBM 173 Extra"]
[Source "ChessBase"]
[SourceDate "2016.08.29"]
[SourceVersion "1"]
[SourceVersionDate "2016.08.29"]
[SourceQuality "1"]

1. c4 Nf6 2. Nc3 e6 3. g3 a6 4. Bg2 Be7 5. Nf3 0-0 6. 0-0 d6 7. d4 c6 8. e4 Nbd7 9. Re1 e5 10. d5 c5 11. Nh4 g6 12. f4 Nh5 13. Nf3 Bf6 14. f5 Nb6 15. Nd2 Ng7 16. fxg6 hxg6 17. b3 Nh5 18. Rf1 Kg7 19. Rb1 Qe7 20. Nf3 Bg4 21. Qe1 Bxf3 22. Rxf3 Bg5 23. Qf1 Bxc1 24. Rxc1 Nd7 25. Re1 Ndf6 26. Nd1 b5 27. Nf2 b4 28. Nd3 a5 29. h3 a4 30. g4 Nf4 31. Nxf4 exf4 32. Rxf4 Nd7 33. Rf2 Ne5 34. Bf3 axb3 35. axb3 Ra3 36. Bd1 Qh4 37. Re3 Ra1 38. Re1 Qg3+ 39. Rg2 Nf3+ 40. Bxf3 Qxe1 41. Qxe1 Rxe1+ 42. Kf2 Rb1 43. Rg1 Rxg1 44. Kxg1 Kf6 45. Kf2 g5 46. Ke3 Rh8 47. Bg2 Ke5 48. Kd2 Kd4 49. Kc2 f6 50. Kb2 Ke3 51. Kc2 Kf2 0-1

[Event "Berlin-ch QT"]
[Site "Berlin"]
[Date "2016.04.02"]
[Round "8"]
[White "Hahlbohm, Matthias"]
[Black "Pueschel, Werner"]
[Result "1-0"]
[WhiteElo "2095"]
[BlackElo "2034"]
[PlyCount "89"]
[EventDate "2016.03.26"]
[EventType "swiss"]
[EventRounds "9"]
[EventCountry "GER"]
[SourceTitle "EXT 2022"]
[Source "ChessBase"]
[SourceDate "2021.10.06"]
[SourceVersion "1"]
[SourceVersionDate "2021.10.06"]
[SourceQuality "1"]

1. e4 c5 2. Nf3 e6 3. c3 Nf6 4. Qc2 b6 5. d4 cxd4 6. cxd4 Bb7 7. Bd3 Nc6 8. a3 Rc8 9. Nc3 h6 10. 0-0 d5 11. e5 Nd7 12. Qe2 Na5 13. Nd2 Nb8 14. f4 g6 15. Kh1 h5 16. Nd1 Be7 17. b4 Nc4 18. Nf3 b5 19. Nf2 Nd7 20. Nh3 Qb6 21. Qf2 Nf8 22. Nhg5 Rc7 23. Qh4 Bc8 24. g4 f6 25. exf6 Bxf6 26. gxh5 Rch7 27. Qf2 Rxh5 28. Ra2 Qc7 29. Re2 a6 30. Qg1 Qg7 31. Rfe1 Kd8 32. Ne5 Bxg5 33. fxg5 Nxe5 34. dxe5 Nd7 35. Bf4 Rh4 36. Bg3 Rg4 37. Rf1 d4 38. Qf2 Bb7+ 39. Kg1 Nxe5 40. Be4 Bxe4 41. Qxd4+ Ke7 42. Qc5+ Ke8 43. Rxe4 Rxe4 44. Qc8+ Ke7 45. Qc7+ 1-0

[Event "Berlin-ch QT"]
[Site "Berlin"]
[Date "2016.03.27"]
[Round "2"]
[White "Pueschel, Werner"]
[Black "Bluhm, Robert"]
[Result "1/2-1/2"]
[WhiteElo "2034"]
[BlackElo "1821"]
[PlyCount "86"]
[EventDate "2016.03.26"]
[EventType "swiss"]
[EventRounds "9"]
[EventCountry "GER"]
[SourceTitle "EXT 2022"]
[Source "ChessBase"]
[SourceDate "2021.10.06"]
[SourceVersion "1"]
[SourceVersionDate "2021.10.06"]
[SourceQuality "1"]

1. a3 d5 2. c4 e6 3. b3 c6 4. Bb2 f5 5. Nf3 Nf6 6. e3 Bd6 7. Be2 0-0 8. 0-0 Bd7 9. d4 Be8 10. c5 Bc7 11. b4 Bh5 12. a4 Bxf3 13. Bxf3 Nbd7 14. g3 e5 15. dxe5 Nxe5 16. Bg2 Neg4 17. Bd4 Re8 18. Qd3 Ne4 19. Nc3 Qg5 20. Ne2 Qh5 21. h3 Ne5 22. Qd1 Nf3+ 23. Bxf3 Qxf3 24. Nc3 Ng5 25. h4 Qxd1 26. Rfxd1 Nf3+ 27. Kg2 Nxd4 28. Rxd4 Be5 29. Rd3 Rad8 30. Rad1 Bxc3 31. Rxc3 Re4 32. Rd4 Rde8 33. Kf1 h6 34. b5 g5 35. hxg5 hxg5 36. bxc6 bxc6 37. Rb3 Kf7 38. Rb7+ R8e7 39. Rb8 Re8 40. Rxe8 Kxe8 41. Ke2 Ke7 42. f3 Rxd4 43. exd4 a5 1/2-1/2